000 00806nam a2200229Ii 4500
003 JO-AjNU
008 230605s9999||||xx |||||||||||||| ||und||
017 _a2015/6/261
020 _a978-9957-81-267-6
040 _aJO-AjNU
_bara
_erda
_cJO-AjNU
041 _aara
050 1 4 _aLC3969.A93 2015
100 3 _aالأعظمي، سعيد رشيد ؛ريم عبدالله الكناني,
_eauthor
_956631
245 0 0 _aإرشاد وتوجيه ذوي الإحتياجات الخاصة: دراسة نقدية معاصرة
250 _aط1
264 3 1 _aعمان: دار جليس الزمان، 2015
300 _a514ص
336 _atext
_btxt
_2rdacontent
337 _aunmediated
_bn
_2rdamedia
338 _avolume
_bnc
_2rdacarrier
650 4 _aالتربية الخاصة - المعاقين
_956632
999 _aA25330
_c28898
_d28898